Score 0/23 Timer 04:00
0 Plays Today
Entree, Snack & Beverage Country % Correct
Cannelloni, Gelato, ChiantiItaly
98.4%
Enchilada, Taquito, HorchataMexico
96.6%
Coq au Vin, Croissants, PastisFrance
92.4%
Sashimi, Pocky, ShochuJapan
87.6%
Sauerbraten, Currywurst, ApfelweinGermany
82.1%
Haggis, Oatcakes, Irn-Bru*Scotland
78.7%
Chicken Vindaloo, Samosas, LassiIndia
77.7%
Feijoada, Pão de Queijo, CachaçaBrazil
69.9%
Pavlova, Vegemite on toast, Farmers Union iced coffeeAustralia
67.2%
Kotlet schabowy, Paczki, PodpiwekPoland
66.6%
Khao phat, Miang kham, Krating DaengThailand
63.8%
Moussaka, Loukoumades, OuzoGreece
63.8%
Entree, Snack & Beverage Country % Correct
Tourtière, Poutine, Tim Hortons coffeeCanada
62.8%
Tajine, Khlea, Casablanca lagerMorocco
58.9%
Pho, Bánh rán, Ca phe daVietnam
58.4%
Surströmming, Köttbullar, PommacSweden
49.7%
Moros y Cristianos, Frita, MojitoCuba
44.3%
Bulgogi, Gimbap, SujeonggwaSouth Korea
31.3%
Hutspot, Bitterballen, JeneverNetherlands
20.8%
Bunny chow, Biltong, MageuSouth Africa
19.3%
Rösti, Tirggel, RivellaSwitzerland
18%
Ackee & Saltfish, Stamp & Go, Ting sodaJamaica
15.7%
Wat, Dabo kolo, TejEthiopia
9.4%
Remove Ads.
Support Sporcle.
Get the best of Sporcle when you Go Orange. This ad-free experience offers more features, more stats, and more fun while also helping to support Sporcle. Thank you for becoming a member.

You're not logged in!

Compare scores with friends on all Sporcle quizzes.
OR
Log In

Sporcle TV

Today on Sporcle TV


Watch our educational content, quiz creation guides, and fun videos on Sporcle TV.

Show Comments

Extras

Top Quizzes Today


Score Distribution

Paid Content

Your Account Isn't Verified!

In order to create a playlist on Sporcle, you need to verify the email address you used during registration. Go to your Sporcle Settings to finish the process.

Report this User

Report this user for behavior that violates our Community Guidelines.

Details: